Title in the Lyrics Quiz: 80's Rock - Statistics

General Stats
  • This quiz has been taken 332 times
  • The average score is 6 of 18
Answer Stats
Answer % Correct
Shot through the heart, And you're to blame. Darling, {You} {Give} {Love} {a} {Bad} {Name}
91%
{Here} {I} {Go} {Again} on my own, Goin' down the only road I've ever known
62%
Mental wounds still screaming, Driving me insane, I'm goin' off the rails on a {Crazy} {Train}
61%
{Every} {Rose} {has} {its} {Thorn}, Just like every night has its dawn
54%
You can't start a fire, You can't start a fire without a spark, This gun's for hire, Even if we're just {Dancing} {in} {the} {Dark}
53%
Cause when the feeling's right I'm gonna run all night, I'm gonna {Run} {to} {You}
36%
{Master} {of} {Puppets} I'm pulling your strings, Twisting your mind and smashing your dreams
34%
Said, woman, take it slow and it'll work itself out fine, All we need is just a little {Patience}
34%
This one goes out to {The} {One} {I} {Love}, This one goes out to the one I've left behind
32%
He do the song about the sweet lovin' woman, He do the song about the knife, He do the walk, he do the {Walk} {of} {Life}
31%
We are strong, No one can tell us we're wrong, Searching our hearts for so long, Both of us knowing, {Love} {is} {a} {Battlefield}
29%
You can stand me up at the gates of hell, But {I} {Won't} {Back} {Down}
29%
{I} {Want} {to} {Break} {Free} from your lies, You're so self-satisfied, I don't need you
23%
{Take} {Me} {Home} {Tonight}, I don't want to let you go 'til you see the light
17%
You {Take} {it} {on} {the} {Run} baby, If that's the way you want it baby, Then I don't want you around
15%
All is quiet on {New} {Year's} {Day}, A world in white gets underway, I want to be with you night and day
12%
Look in my eyes, what do you see? The {Cult} {of} {Personality}, I know your anger, I know your dreams, I've been everything you wanna be
10%
I want to love but it comes out wrong, I want to live but I don't belong, I close my eyes and I see {Blood} {and} {Roses}
1%
No matching quizzes found
Score Distribution
Percent of People with Each Score
Percentile by Number Answered
Your Score History
You have not taken this quiz